[Event "24. European Club Cup 2008"]
[Site "Kallithea GRE"]
[Date "2008.10.19"]
[Round "3.28"]
[White "Ribbegren, Karl Johan"]
[Black "Maki-Uuro, Miikka"]
[Result "1/2-1/2"]
[WhiteElo "2067"]
[BlackElo "2382"]
[PlyCount "67"]
[EventDate "2008.10.17"]
[EventType "team-swiss"]
[EventRounds "7"]
[EventCountry "GRE"]
[Source "lmi"]
[SourceDate "2008.10.17"]
[WhiteTeam "Monaco"]
[BlackTeam "Matinkylaen"]
[WhiteTeamCountry "MNC"]

1. g3 d5 2. Bg2 Nf6 3. d3 c6 4. Nf3 Bg4 5. Nbd2 Nbd7 6. O-O e5 7. h3 Bh5 8. e4
Bd6 9. Re1 O-O 10. Nf1 Re8 11. g4 Bg6 12. Ng3 Nc5 13. Nh4 Ne6 14. g5 Nd7 15.
Nhf5 Bxf5 16. Nxf5 Nb6 17. Qg4 dxe4 18. dxe4 Bf8 19. Be3 Nc4 20. Bc1 Qa5 21.
Qe2 g6 22. c3 b5 23. Ne3 Nf4 24. Qc2 Nxe3 25. Bxe3 Rad8 26. b4 Qc7 27. a4 a6
28. axb5 cxb5 29. Rxa6 Bxb4 30. Rb1 Qxc3 31. Qxc3 Bxc3 32. Rxb5 Bd4 33. Bxf4
exf4 34. Bf3 1/2-1/2

[Event "24. European Club Cup 2008"]
[Site "Kallithea GRE"]
[Date "2008.10.19"]
[Round "3.28"]
[White "Raisanen, Kim"]
[Black "Levacic, Adrien"]
[Result "1-0"]
[WhiteElo "2174"]
[BlackElo "1891"]
[PlyCount "65"]
[EventDate "2008.10.17"]
[EventType "team-swiss"]
[EventRounds "7"]
[EventCountry "GRE"]
[Source "lmi"]
[SourceDate "2008.10.17"]
[WhiteTeam "Matinkylaen"]
[BlackTeam "Monaco"]
[BlackTeamCountry "MNC"]

1. c4 e5 2. g3 Nc6 3. Bg2 Nf6 4. Nc3 Be7 5. d3 O-O 6. Nf3 d5 7. cxd5 Nxd5 8.
O-O Nb6 9. a3 Re8 10. b4 Bf8 11. Bb2 Bg4 12. Nd2 Rb8 13. Rc1 Nd4 14. Re1 Qd7
15. Nce4 Na4 16. Ba1 a5 17. Nc3 Nxc3 18. Bxc3 a4 19. Nc4 f6 20. Na5 c6 21. Bxd4
exd4 22. f3 Bh3 23. Qxa4 Bxg2 24. Kxg2 Re5 25. Qc2 Rbe8 26. Nb3 Rh5 27. g4 Rh4
28. Qc4+ Kh8 29. Qxd4 Bd6 30. h3 Re5 31. Nc5 Qc7 32. Ne4 Rd5 33. Qxd5 1-0

[Event "24. European Club Cup 2008"]
[Site "Kallithea GRE"]
[Date "2008.10.19"]
[Round "3.29"]
[White "Larter, Nick J"]
[Black "Andersen, Rune Egede"]
[Result "0-1"]
[WhiteElo "1819"]
[BlackElo "2049"]
[PlyCount "58"]
[EventDate "2008.10.17"]
[EventType "team-swiss"]
[EventRounds "7"]
[EventCountry "GRE"]
[Source "lmi"]
[SourceDate "2008.10.17"]
[WhiteTeam "Ennis"]
[BlackTeam "Bronshoj"]

1. e4 e6 2. d4 d5 3. Be3 dxe4 4. Nd2 Nf6 5. f3 Nd5 6. Qe2 Nxe3 7. Qxe3 exf3 8.
Ngxf3 Be7 9. Bd3 Nd7 10. O-O c5 11. Qf4 O-O 12. Ne5 Bg5 13. Qe4 f5 14. Qe2 Nxe5
15. dxe5 Bxd2 16. Rad1 Bg5 17. Bxf5 Qe7 18. Bxh7+ Kxh7 19. Rxf8 Qxf8 20. Qh5+
Bh6 21. Qh4 Qf4 22. Qd8 Qe3+ 23. Kh1 b6 24. Qd6 Qe2 25. Rg1 Qc4 26. Qc6 Qd5 27.
Qe8 Bb7 28. Qe7 Rd8 29. c4 Qxg2+ 0-1

[Event "24. European Club Cup 2008"]
[Site "Kallithea GRE"]
[Date "2008.10.19"]
[Round "3.30"]
[White "Upton, Timothy J"]
[Black "Zarzo Lopez, Tomas"]
[Result "0-1"]
[WhiteElo "2255"]
[BlackElo "2281"]
[PlyCount "80"]
[EventDate "2008.10.17"]
[EventType "team-swiss"]
[EventRounds "7"]
[EventCountry "GRE"]
[Source "lmi"]
[SourceDate "2008.10.17"]
[WhiteTeam "Bonnevoie"]
[BlackTeam "Merida"]

1. e4 c5 2. Nf3 g6 3. d4 cxd4 4. Nxd4 Bg7 5. Nc3 Nc6 6. Nb3 Nf6 7. Be2 O-O 8.
O-O d6 9. Kh1 a6 10. a4 b6 11. Bg5 Bb7 12. f4 Nd7 13. Bf3 Nc5 14. Nxc5 bxc5 15.
Nd5 f6 16. Bh4 e6 17. Ne3 Nd4 18. c3 Nxf3 19. gxf3 Rb8 20. Qd3 Qd7 21. Rad1
Qxa4 22. Qxd6 Rfe8 23. Qxc5 f5 24. exf5 Qxf4 25. Bg3 Bxf3+ 26. Kg1 Qe4 27. Bxb8
Rxb8 28. Rde1 Rxb2 29. Qc8+ Bf8 30. Qxe6+ Kh8 31. Qf6+ Kg8 32. Qe6+ Kh8 33.
Qxe4 Bxe4 34. fxg6 Bc5 35. Rf2 Rb6 36. Ng4 Bxg6 37. Rd1 Bf5 38. Ne5 Rb2 39.
Rdf1 Bh3 40. Nd3 Bxf2+ 0-1

[Event "24. European Club Cup 2008"]
[Site "Kallithea GRE"]
[Date "2008.10.19"]
[Round "3.30"]
[White "Filipovic, Slobodan J"]
[Black "Escobar Felix, Eduardo"]
[Result "0-1"]
[WhiteElo "2230"]
[BlackElo "2149"]
[PlyCount "108"]
[EventDate "2008.10.17"]
[EventType "team-swiss"]
[EventRounds "7"]
[EventCountry "GRE"]
[Source "lmi"]
[SourceDate "2008.10.17"]
[WhiteTeam "Bonnevoie"]
[BlackTeam "Merida"]

1. Nf3 Nf6 2. c4 c6 3. d4 d5 4. cxd5 cxd5 5. Nc3 e6 6. Bf4 Bd6 7. Bg3 O-O 8. e3
Nc6 9. Ne5 Qc7 10. Nxc6 bxc6 11. Bxd6 Qxd6 12. Rc1 Rb8 13. b3 e5 14. Be2 exd4
15. exd4 Re8 16. O-O Qf4 17. g3 Qh6 18. Bf3 Bh3 19. Bg2 Re6 20. f3 Rbe8 21.
Bxh3 Qxh3 22. Qd2 h5 23. Rf2 Qf5 24. Kg2 h4 25. Qc2 Qg5 26. Qd2 Qh5 27. Ne2 g5
28. g4 Nxg4 29. fxg4 Qxg4+ 30. Kf1 Rxe2 31. Rxe2 Qf3+ 32. Kg1 Rxe2 33. Qxg5+
Kf8 34. Rf1 Qe3+ 35. Qxe3 Rxe3 36. Rc1 Re6 37. Rc5 Kg7 38. Ra5 Re7 39. Ra6 Rc7
40. Kg2 Kg6 41. b4 Kg5 42. Kh3 f5 43. Ra5 f4 44. Rc5 a6 45. a4 Rb7 46. Rxc6
Rxb4 47. Rxa6 Rxd4 48. Rd6 f3 49. a5 Rd1 50. Rxd5+ Rxd5 51. a6 Rd1 52. a7 f2
53. a8=Q f1=B+ 54. Qg2+ Bxg2+ 0-1

[Event "24. European Club Cup 2008"]
[Site "Kallithea GRE"]
[Date "2008.10.19"]
[Round "3.30"]
[White "Sanchez Silva, Luis Agapito"]
[Black "Ocantos, Manuel"]
[Result "0-1"]
[WhiteElo "2092"]
[BlackElo "2136"]
[PlyCount "111"]
[EventDate "2008.10.17"]
[EventType "team-swiss"]
[EventRounds "7"]
[EventCountry "GRE"]
[Source "lmi"]
[SourceDate "2008.10.17"]
[WhiteTeam "Merida"]
[BlackTeam "Bonnevoie"]

1. d4 d5 2. c4 c6 3. cxd5 cxd5 4. Nc3 Nf6 5. Nf3 g6 6. Bf4 Bg7 7. e3 O-O 8. Qb3
Nc6 9. h3 Na5 10. Qb4 Bf5 11. Be2 Rc8 12. O-O Re8 13. Rac1 Bf8 14. Qa4 a6 15.
Ne5 b5 16. Qd1 Qb6 17. Bf3 Red8 18. Ng4 Nxg4 19. hxg4 Be6 20. Qe2 Rc4 21. b3
Rc6 22. Rc2 Rdc8 23. Rfc1 Qd8 24. Nb1 Qd7 25. g5 Bf5 26. Rxc6 Rxc6 27. Qd2 b4
28. Qb2 Qc8 29. Rxc6 Qxc6 30. Bd1 Nb7 31. g4 Bd3 32. f3 a5 33. Kf2 Nd6 34. Be2
Bxe2 35. Kxe2 Nb5 36. Kd2 f6 37. Qc2 Qa8 38. gxf6 exf6 39. Kc1 Kf7 40. Kb2 Be7
41. Qh2 Kg8 42. Qe2 Qc6 43. Qc2 Qa6 44. Qd3 a4 45. bxa4 Qxa4 46. Qb3 Qa8 47.
Qc2 Na3 48. Nxa3 Qxa3+ 49. Kb1 g5 50. Qc8+ Kf7 51. Bb8 Qxe3 52. Qd7 Qd3+ 53.
Ka1 Qxd4+ 54. Kb1 b3 55. axb3 Qd3+ 56. Kc1 0-1

[Event "24. European Club Cup 2008"]
[Site "Kallithea GRE"]
[Date "2008.10.19"]
[Round "3.31"]
[White "Perrett, David C"]
[Black "Jones, Richard S"]
[Result "0-1"]
[WhiteElo "1953"]
[BlackElo "2307"]
[PlyCount "52"]
[EventDate "2008.10.17"]
[EventType "team-swiss"]
[EventRounds "7"]
[EventCountry "GRE"]
[Source "lmi"]
[SourceDate "2008.10.17"]
[WhiteTeam "Cwmbran"]
[BlackTeam "Nidum"]

1. b4 d5 2. Bb2 Nf6 3. e3 Bf5 4. f4 e6 5. a3 c5 6. b5 Nbd7 7. Nf3 Bd6 8. Be2 h6
9. O-O O-O 10. h3 Bh7 11. d3 Qc7 12. Nbd2 Rae8 13. Re1 Re7 14. Nf1 Rfe8 15. Rc1
e5 16. fxe5 Nxe5 17. Nxe5 Bxe5 18. Bxe5 Rxe5 19. Bf3 c4 20. a4 Qa5 21. d4 R5e7
22. c3 Bg6 23. Kf2 Bd3 24. Ng3 g6 25. Ne2 Rxe3 26. Qd2 Bxe2 0-1

[Event "24. European Club Cup 2008"]
[Site "Kallithea GRE"]
[Date "2008.10.19"]
[Round "3.31"]
[White "Gilbert, Jonathan A"]
[Black "Young, A."]
[Result "1/2-1/2"]
[WhiteElo "2069"]
[BlackElo "2002"]
[PlyCount "77"]
[EventDate "2008.10.17"]
[EventType "team-swiss"]
[EventRounds "7"]
[EventCountry "GRE"]
[Source "lmi"]
[SourceDate "2008.10.17"]
[WhiteTeam "Cwmbran"]
[BlackTeam "Nidum"]

1. d4 d5 2. Nf3 Nf6 3. c4 dxc4 4. e3 Bg4 5. Bxc4 e6 6. h3 Bh5 7. O-O a6 8. Nc3
Nc6 9. Be2 Bd6 10. b3 O-O 11. Bb2 Qe8 12. Nd2 Bxe2 13. Nxe2 Rd8 14. Nc4 Qe7 15.
Nxd6 Qxd6 16. Ng3 Qd5 17. Qe2 Ne4 18. Nxe4 Qxe4 19. Rac1 Rd7 20. Rc5 f6 21.
Rfc1 Rfd8 22. Qc2 Qxc2 23. R1xc2 e5 24. dxe5 Rd1+ 25. Kh2 fxe5 26. a3 R1d2 27.
b4 Rxc2 28. Rxc2 Rd7 29. Kg3 Kf7 30. Kf3 Ke6 31. Ke4 Rd5 32. f4 exf4 33. exf4
g6 34. g4 Rb5 35. Bc3 Ne7 36. Be5 c6 37. Bc3 Rd5 38. Rf2 b6 39. Bd4 1/2-1/2

[Event "24. European Club Cup 2008"]
[Site "Kallithea GRE"]
[Date "2008.10.19"]
[Round "3.32"]
[White "Mcphillips, Karl"]
[Black "Ajvazi, Ramadan"]
[Result "1-0"]
[WhiteElo "2222"]
[BlackElo "2225"]
[PlyCount "56"]
[EventDate "2008.10.17"]
[EventType "team-swiss"]
[EventRounds "7"]
[EventCountry "GRE"]
[Source "lmi"]
[SourceDate "2008.10.17"]
[WhiteTeam "Belfast"]
[BlackTeam "Llamkos"]

1. d4 Nf6 2. c4 c5 3. d5 b5 4. Nf3 g6 5. cxb5 a6 6. b6 Bg7 7. Nc3 d6 8. e4 O-O
9. Nd2 Nbd7 10. b7 Bxb7 11. Be2 Rb8 12. O-O Nb6 13. a4 e6 14. a5 Na8 15. Nc4
Nxe4 16. Nxe4 exd5 17. Bg5 Qd7 18. Nexd6 dxc4 19. Bxc4 Qc6 20. Nxb7 Qxb7 21.
Re1 Qxb2 22. Rb1 Qc3 23. Bxf7+ Kh8 24. Rxb8 Rxb8 25. Qe2 Rf8 26. Bc4 Nc7 27.
Be7 Rf4 28. Rb1 Be5 1-0

[Event "24. European Club Cup 2008"]
[Site "Kallithea GRE"]
[Date "2008.10.19"]
[Round "3.32"]
[White "Sahitaj, Naim"]
[Black "Mcdonnell, James J"]
[Result "1-0"]
[WhiteElo "2221"]
[BlackElo "2041"]
[PlyCount "123"]
[EventDate "2008.10.17"]
[EventType "team-swiss"]
[EventRounds "7"]
[EventCountry "GRE"]
[Source "lmi"]
[SourceDate "2008.10.17"]
[WhiteTeam "Llamkos"]
[BlackTeam "Belfast"]

1. e4 c5 2. Nf3 Nc6 3. d4 cxd4 4. Nxd4 Nf6 5. Nc3 d6 6. Be3 Ng4 7. Bb5 Nxe3 8.
Nxc6 Nxd1 9. Nxd8+ Kxd8 10. Rxd1 a6 11. Ba4 e6 12. O-O Kc7 13. f4 g6 14. f5 b5
15. fxg6 fxg6 16. Rf7+ Kb6 17. Bb3 Ra7 18. Rf3 Kc5 19. e5 Bb7 20. Rf7 d5 21.
Ne2 Kb6 22. Rf6 Bc5+ 23. Kh1 Bc8 24. Nf4 Ka5 25. Nd3 Be7 26. Rf7 Bc5 27. Rxa7
Bxa7 28. Rf1 Be3 29. Rf3 Bh6 30. g4 Kb6 31. Rf7 Bg5 32. Kg2 Bb7 33. Kg3 Bd8 34.
h4 Bc8 35. c3 a5 36. Bc2 g5 37. h5 h6 38. a4 Kc6 39. b4 axb4 40. cxb4 Bb6 41.
a5 Bd4 42. Kf3 Bg1 43. Ke2 Bd4 44. Kd2 Ba6 45. Re7 Bc8 46. Bd1 Bg1 47. Ne1 Bd4
48. Nf3 Bb2 49. Rf7 Bb7 50. Kd3 Bc8 51. Bc2 Bb7 52. Nd4+ Bxd4 53. Kxd4 Bc8 54.
Bd3 Ba6 55. Bg6 Bc8 56. Rf6 Bd7 57. Bf7 Kb7 58. Bxe6 Bxe6 59. Rxe6 Rc8 60. Rb6+
Ka7 61. e6 Rc4+ 62. Kxd5 1-0

[Event "24. European Club Cup 2008"]
[Site "Kallithea GRE"]
[Date "2008.10.20"]
[Round "4.3"]
[White "Cheparinov, Ivan"]
[Black "Tomashevsky, Evgeny"]
[Result "1/2-1/2"]
[WhiteElo "2696"]
[BlackElo "2646"]
[PlyCount "169"]
[EventDate "2008.10.17"]
[EventType "team-swiss"]
[EventRounds "7"]
[EventCountry "GRE"]
[Source "lmi"]
[SourceDate "2008.10.17"]
[WhiteTeam "Linex"]
[BlackTeam "Saratov"]

1. e4 e5 2. Nf3 Nc6 3. Bb5 a6 4. Ba4 Nf6 5. O-O b5 6. Bb3 Bb7 7. d3 Be7 8. Re1
O-O 9. a4 d6 10. Nbd2 Na5 11. Ba2 c5 12. Nf1 Re8 13. Ne3 h6 14. Bd2 c4 15. b4
cxb3 16. cxb3 Nc6 17. b4 Qd7 18. Nd5 Nxd5 19. Bxd5 Bf6 20. Qb3 Rf8 21. h3 Ne7
22. Bxb7 Qxb7 23. Nh2 Rfc8 24. Ng4 Bg5 25. Bxg5 hxg5 26. Ne3 Rab8 27. axb5 Qxb5
28. Reb1 Rd8 29. Qa3 Ra8 30. Qb3 Rab8 31. Qd1 d5 32. Ra5 Qb7 33. Qg4 dxe4 34.
dxe4 Rd4 35. Rxe5 Ng6 36. Rd5 Rxb4 37. Rbd1 Re8 38. Qxg5 Rbxe4 39. Rd8 Qc6 40.
h4 R4e5 41. Rxe8+ Rxe8 42. h5 Nf8 43. Qg3 Qc3 44. h6 Ng6 45. hxg7 Qxg7 46. Ng4
Qb2 47. Nh6+ Kg7 48. Nf5+ Kg8 49. Qg5 Qe5 50. Rd7 Kf8 51. Nh6 Re7 52. Rd8+ Re8
53. Rd7 Re7 54. Rd8+ Re8 55. Nf5 Qa1+ 56. Kh2 Qh8+ 57. Kg1 Qa1+ 58. Kh2 Qh8+
59. Kg3 Qe5+ 60. f4 Qe1+ 61. Kh2 Rxd8 62. Qxd8+ Qe8 63. Qd4 Qe6 64. Qd8+ Qe8
65. Qd6+ Kg8 66. Qf6 Qf8 67. g3 a5 68. Qa1 Ne7 69. Qxa5 Nxf5 70. Qxf5 Qh6+ 71.
Kg2 Qc6+ 72. Kh3 Qc4 73. Qf6 Qe2 74. Kh4 Qf3 75. Qg5+ Kf8 76. Qc5+ Kg7 77. Qe5+
f6 78. Qe7+ Kg6 79. Qe8+ Kg7 80. Qd7+ Kg6 81. Qg4+ Qxg4+ 82. Kxg4 f5+ 83. Kf3
Kf6 84. g4 fxg4+ 85. Kxg4 1/2-1/2

[Event "24. European Club Cup 2008"]
[Site "Kallithea GRE"]
[Date "2008.10.20"]
[Round "4.3"]
[White "Perez Candelario, Manuel"]
[Black "Galkin, Alexander"]
[Result "0-1"]
[WhiteElo "2520"]
[BlackElo "2624"]
[PlyCount "112"]
[EventDate "2008.10.17"]
[EventType "team-swiss"]
[EventRounds "7"]
[EventCountry "GRE"]
[Source "lmi"]
[SourceDate "2008.10.17"]
[WhiteTeam "Linex"]
[BlackTeam "Saratov"]

1. e4 c6 2. d4 d5 3. Nd2 dxe4 4. Nxe4 Bf5 5. Ng3 Bg6 6. h4 h6 7. Nf3 Nd7 8. h5
Bh7 9. Bd3 Bxd3 10. Qxd3 e6 11. Bf4 Qa5+ 12. Bd2 Bb4 13. c3 Be7 14. c4 Qc7 15.
O-O-O Ngf6 16. Rhe1 b5 17. c5 a5 18. Kb1 a4 19. Qc2 Nd5 20. Ne5 O-O 21. Nd3
N7f6 22. Qc1 Rfd8 23. Ne5 Bf8 24. f4 Ne7 25. Ne2 Ne4 26. Be3 f6 27. Nd3 f5 28.
Nc3 Nxc3+ 29. bxc3 Nd5 30. Bd2 Re8 31. Re2 Nf6 32. Rh1 Qd7 33. Be1 a3 34. Qe3
Ra4 35. Qf3 Nd5 36. Bd2 Be7 37. g4 fxg4 38. Qxg4 Bf6 39. Re4 Rc4 40. Rc1 b4 41.
cxb4 Rxd4 42. Rxd4 Bxd4 43. Qg6 Rd8 44. Be1 Bf6 45. Qe4 Qf7 46. Qe2 Bd4 47. Qe4
Bf6 48. Qe2 Kh8 49. Rc4 Qb7 50. Re4 Nc7 51. Nf2 Nb5 52. Rxe6 Qd7 53. Qe4 Qf7
54. Qxc6 Nd4 55. Rxf6 gxf6 56. Qb6 Qh7+ 0-1

[Event "24. European Club Cup 2008"]
[Site "Kallithea GRE"]
[Date "2008.10.20"]
[Round "4.4"]
[White "Nabaty, Tamir"]
[Black "Miroshnichenko, Evgenij"]
[Result "0-1"]
[WhiteElo "2456"]
[BlackElo "2632"]
[PlyCount "30"]
[EventDate "2008.10.17"]
[EventType "team-swiss"]
[EventRounds "7"]
[EventCountry "GRE"]
[Source "lmi"]
[SourceDate "2008.10.17"]
[WhiteTeam "Beer Sheva"]
[BlackTeam "Kiev"]

1. e4 c5 2. Nf3 d6 3. d4 cxd4 4. Nxd4 Nf6 5. Nc3 Bd7 6. f4 e5 7. Nf3 Bc6 8. Bc4
Be7 9. fxe5 Nxe4 10. Nxe4 Bxe4 11. exd6 Qxd6 12. Bxf7+ Kxf7 13. Qxd6 Bxd6 14.
Ng5+ Kg6 15. Nxe4 Re8 0-1

[Event "24. European Club Cup 2008"]
[Site "Kallithea GRE"]
[Date "2008.10.20"]
[Round "4.5"]
[White "Tregubov, Pavel V"]
[Black "Pavasovic, Dusko"]
[Result "1/2-1/2"]
[WhiteElo "2646"]
[BlackElo "2597"]
[PlyCount "77"]
[EventDate "2008.10.17"]
[EventType "team-swiss"]
[EventRounds "7"]
[EventCountry "GRE"]
[Source "lmi"]
[SourceDate "2008.10.17"]
[WhiteTeam "Clichy"]
[BlackTeam "Ptuj"]

1. d4 d5 2. c4 e6 3. Nf3 Nf6 4. Nc3 c6 5. g3 dxc4 6. Bg2 b5 7. Ne5 Nd5 8. e4
Nb4 9. a3 Qxd4 10. axb4 Qxe5 11. Bf4 Qf6 12. e5 Qd8 13. Qxd8+ Kxd8 14. Nxb5
Bxb4+ 15. Bd2 Bxd2+ 16. Kxd2 a6 17. Kc3 Nd7 18. f4 Rb8 19. Nd6 Ke7 20. Nxc4 Nb6
21. b3 Nd5+ 22. Kb2 Nb4 23. Rhd1 Bd7 24. Nd6 f6 25. Ra5 Rb6 26. Ne4 Rb5 27.
Rxb5 cxb5 28. exf6+ gxf6 29. Nxf6 Bc6 30. Bxc6 Nxc6 31. Ne4 Nb4 32. Rd4 a5 33.
Nc3 Rc8 34. Rd2 Rc5 35. g4 h5 36. h3 hxg4 37. hxg4 a4 38. bxa4 bxa4 39. Nxa4
1/2-1/2

[Event "24. European Club Cup 2008"]
[Site "Kallithea GRE"]
[Date "2008.10.20"]
[Round "4.5"]
[White "Polajzer, Danilo"]
[Black "Edouard, Romain"]
[Result "0-1"]
[WhiteElo "2360"]
[BlackElo "2531"]
[PlyCount "60"]
[EventDate "2008.10.17"]
[EventType "team-swiss"]
[EventRounds "7"]
[EventCountry "GRE"]
[Source "lmi"]
[SourceDate "2008.10.17"]
[WhiteTeam "Ptuj"]
[BlackTeam "Clichy"]

1. Nf3 c5 2. c4 Nf6 3. Nc3 Nc6 4. e3 e5 5. d4 cxd4 6. exd4 e4 7. Ne5 Bb4 8. Bf4
O-O 9. Be2 Na5 10. c5 d6 11. cxd6 Nd5 12. Bd2 Nxc3 13. Bxc3 Bxc3+ 14. bxc3 Qxd6
15. O-O Be6 16. Qa4 b6 17. Ba6 Qc7 18. Bb5 f6 19. d5 Bxd5 20. Ng4 f5 21. Rfd1
Rad8 22. Ne3 Be6 23. c4 Qe5 24. Rac1 f4 25. Rxd8 Rxd8 26. Rd1 Rd4 27. Nf1 e3
28. fxe3 fxe3 29. Ng3 e2 30. Re1 Qe3+ 0-1

[Event "24. European Club Cup 2008"]
[Site "Kallithea GRE"]
[Date "2008.10.20"]
[Round "4.5"]
[White "Silva, Sebastain"]
[Black "Podkriznik, Gregor"]
[Result "1/2-1/2"]
[WhiteElo "2375"]
[BlackElo "2372"]
[PlyCount "33"]
[EventDate "2008.10.17"]
[EventType "team-swiss"]
[EventRounds "7"]
[EventCountry "GRE"]
[Source "lmi"]
[SourceDate "2008.10.17"]
[WhiteTeam "Clichy"]
[BlackTeam "Ptuj"]

1. d4 Nf6 2. Nf3 e6 3. c4 b6 4. g3 Ba6 5. Qc2 c5 6. Bg2 Bb7 7. O-O cxd4 8. Nxd4
Bxg2 9. Kxg2 Qc8 10. b3 Qb7+ 11. Nf3 Be7 12. Bb2 d6 13. Nc3 a6 14. a4 O-O 15.
Rfd1 Nbd7 16. Kg1 Rfd8 17. Rac1 1/2-1/2

[Event "24. European Club Cup 2008"]
[Site "Kallithea GRE"]
[Date "2008.10.20"]
[Round "4.6"]
[White "Mastrovasilis, Athanasios"]
[Black "Sutovsky, Emil"]
[Result "0-1"]
[WhiteElo "2495"]
[BlackElo "2651"]
[PlyCount "104"]
[EventDate "2008.10.17"]
[EventType "team-swiss"]
[EventRounds "7"]
[EventCountry "GRE"]
[Source "lmi"]
[SourceDate "2008.10.17"]
[WhiteTeam "ESTH Thessaloniki"]
[BlackTeam "Ashdod"]

1. Nf3 Nf6 2. c4 g6 3. Nc3 d5 4. cxd5 Nxd5 5. e4 Nxc3 6. dxc3 Qxd1+ 7. Kxd1 f6
8. Be3 e5 9. Nd2 Nd7 10. Kc2 Nc5 11. b4 Ne6 12. Nc4 b6 13. f3 Bd7 14. a4 a5 15.
bxa5 bxa5 16. Nb2 Bc5 17. Bxc5 Nxc5 18. Bb5 c6 19. Bc4 Ke7 20. Nd3 Nxd3 21.
Kxd3 Rab8 22. Kc2 f5 23. Rhd1 Rb7 24. Rab1 Rxb1 25. Rxb1 fxe4 26. fxe4 Rf8 27.
Rf1 Rf4 28. Kd2 c5 29. Rb1 Rxe4 30. Bb5 h5 31. g3 h4 32. Rg1 Bf5 33. Bc6 Rg4
34. Ke3 hxg3 35. hxg3 Bd7 36. Bb5 Bxb5 37. axb5 Kd6 38. b6 Kc6 39. Rb1 Kb7 40.
Rb5 Rxg3+ 41. Kd2 Rg2+ 42. Kd3 a4 43. Kc4 e4 44. Rxc5 a3 45. Ra5 a2 46. Kd4
Kxb6 47. Ra3 Re2 48. c4 g5 49. Kd5 g4 50. c5+ Kb5 51. c6 Rd2+ 52. Kxe4 Kxc6 0-1

[Event "24. European Club Cup 2008"]
[Site "Kallithea GRE"]
[Date "2008.10.20"]
[Round "4.7"]
[White "Timofeev, Artyom"]
[Black "Bogut, Zeljko"]
[Result "1-0"]
[WhiteElo "2670"]
[BlackElo "2464"]
[PlyCount "67"]
[EventDate "2008.10.17"]
[EventType "team-swiss"]
[EventRounds "7"]
[EventCountry "GRE"]
[Source "lmi"]
[SourceDate "2008.10.17"]
[WhiteTeam "Bosna"]
[BlackTeam "Brijeg"]

1. d4 d5 2. c4 e6 3. Nc3 Nf6 4. Bg5 Be7 5. cxd5 exd5 6. e3 c6 7. Bd3 Nbd7 8.
Nge2 O-O 9. Qc2 Re8 10. O-O Nf8 11. f3 h6 12. Bh4 Be6 13. Kh1 Rc8 14. Rad1 a6
15. Bf2 c5 16. dxc5 Bxc5 17. Nf4 b5 18. Qb3 Qb6 19. Nce2 N8d7 20. Nd4 Ne5 21.
Bh4 g5 22. Nfxe6 fxe6 23. Bg3 Bd6 24. Bb1 Qc7 25. f4 gxf4 26. exf4 Nc4 27. Bg6
Re7 28. Bh4 Rf8 29. Qh3 Kg7 30. Bb1 Bxf4 31. Qxe6 Rxe6 32. Nxe6+ Kg8 33. Nxc7
Ng4 34. Ne6 1-0

[Event "24. European Club Cup 2008"]
[Site "Kallithea GRE"]
[Date "2008.10.20"]
[Round "4.7"]
[White "Ivanisevic, Ivan"]
[Black "Rade, Miroslav"]
[Result "1-0"]
[WhiteElo "2658"]
[BlackElo "2436"]
[PlyCount "79"]
[EventDate "2008.10.17"]
[EventType "team-swiss"]
[EventRounds "7"]
[EventCountry "GRE"]
[Source "lmi"]
[SourceDate "2008.10.17"]
[WhiteTeam "Bosna"]
[BlackTeam "Brijeg"]

1. d4 Nf6 2. Bg5 c6 3. Bxf6 exf6 4. e3 d5 5. c4 dxc4 6. Bxc4 Bd6 7. Nc3 O-O 8.
Qf3 Nd7 9. Nge2 Re8 10. O-O-O Nb6 11. Bd3 Be6 12. g4 Nd5 13. h4 Qa5 14. Ne4 Bf8
15. Ng5 h6 16. Nxe6 Rxe6 17. Kb1 b5 18. Bc2 Rae8 19. Bb3 Qd8 20. Rc1 Rd6 21.
Ng3 a5 22. Ne4 Rde6 23. Nc3 Rd6 24. Bxd5 cxd5 25. Nxb5 Rb6 26. a4 Re4 27. Rc2
Qd7 28. Nc3 Rxg4 29. Nxd5 Rb7 30. Rhc1 f5 31. h5 Re4 32. Nc3 Re8 33. Nb5 Reb8
34. Qc6 Qe7 35. Qd5 Qg5 36. Qf3 Rd7 37. Rc8 Rxc8 38. Rxc8 g6 39. Qc6 Rd8 40.
Qa8 1-0

[Event "24. European Club Cup 2008"]
[Site "Kallithea GRE"]
[Date "2008.10.20"]
[Round "4.7"]
[White "Galic, Ivan"]
[Black "Stojanovic, Dalibor"]
[Result "0-1"]
[WhiteElo "2316"]
[BlackElo "2455"]
[PlyCount "114"]
[EventDate "2008.10.17"]
[EventType "team-swiss"]
[EventRounds "7"]
[EventCountry "GRE"]
[Source "lmi"]
[SourceDate "2008.10.17"]
[WhiteTeam "Brijeg"]
[BlackTeam "Bosna"]

1. e4 e5 2. Nf3 Nc6 3. Bb5 a6 4. Ba4 Nf6 5. O-O Be7 6. Re1 b5 7. Bb3 O-O 8. a4
b4 9. d4 d6 10. dxe5 dxe5 11. Qxd8 Rxd8 12. Nbd2 h6 13. a5 Bb7 14. Bc4 Bd6 15.
Bd3 Nd7 16. Nb3 Nc5 17. Nxc5 Bxc5 18. Be3 Bd6 19. Nd2 Nd4 20. Nc4 Ne6 21. b3
Kf8 22. Nxd6 Rxd6 23. Bc4 Nd4 24. Rac1 g5 25. f3 Bc8 26. c3 bxc3 27. Rxc3 Rb8
28. Kf2 Be6 29. Bxe6 Nxe6 30. h4 Rb5 31. hxg5 hxg5 32. Ra1 Kg7 33. Ra3 Kg6 34.
Rc4 c5 35. b4 cxb4 36. Ra4 Rd1 37. Rcxb4 Rxb4 38. Rxb4 Ra1 39. Bb6 Ra2+ 40. Kf1
Nf4 41. Rb1 Nxg2 42. Rb3 Nf4 43. Rc3 Ne6 44. Rc8 Nd4 45. Bxd4 exd4 46. Rc6+ Kh5
47. Rxa6 Kh4 48. Ke1 Kg3 49. Rf6 d3 50. Rxf7 Re2+ 51. Kf1 Rf2+ 52. Ke1 g4 53.
a6 Re2+ 54. Kd1 gxf3 55. a7 Ra2 56. e5 f2 57. e6 Rxa7 0-1

[Event "24. European Club Cup 2008"]
[Site "Kallithea GRE"]
[Date "2008.10.20"]
[Round "4.8"]
[White "Zelcic, Robert"]
[Black "Simacek, Pavel"]
[Result "1-0"]
[WhiteElo "2589"]
[BlackElo "2477"]
[PlyCount "119"]
[EventDate "2008.10.17"]
[EventType "team-swiss"]
[EventRounds "7"]
[EventCountry "GRE"]
[Source "lmi"]
[SourceDate "2008.10.17"]
[WhiteTeam "Zagreb"]
[BlackTeam "Novoborsky"]

1. e4 e5 2. Nf3 Nc6 3. Bb5 a6 4. Ba4 Nf6 5. O-O Nxe4 6. d4 b5 7. Bb3 d5 8. dxe5
Be6 9. Nbd2 Nc5 10. c3 d4 11. Bxe6 Nxe6 12. cxd4 Ncxd4 13. a4 Rb8 14. axb5 axb5
15. Ne4 Be7 16. Nxd4 Qxd4 17. Qxd4 Nxd4 18. Ra7 Rc8 19. Be3 Nc6 20. Rb7 Nxe5
21. Bd4 f6 22. Bxe5 fxe5 23. Rd1 O-O 24. Kf1 Bd6 25. Ke2 b4 26. Rd3 Rf4 27. Ke3
Rcf8 28. f3 Rh4 29. h3 Rh6 30. Rd2 Rg6 31. Rc2 h5 32. h4 Be7 33. g3 Bd6 34. Rc6
Kh7 35. Rb5 Kh6 36. Rd5 Kh7 37. Ra5 Kh6 38. Kf2 Kh7 39. Raa6 Rd8 40. Kg2 Rf8
41. b3 Re8 42. Ra7 Rf8 43. Rca6 Kg8 44. Kf2 Kh7 45. Ke2 Rh6 46. Ra8 Kg8 47. Kd3
Re6 48. Rxf8+ Kxf8 49. Kc4 Re8 50. Nxd6 cxd6 51. Rxd6 e4 52. fxe4 Rxe4+ 53. Rd4
Re3 54. g4 hxg4 55. Rxg4 Kf7 56. Kxb4 Ke6 57. Rxg7 Re4+ 58. Kc5 Rxh4 59. b4 Rh1
60. b5 1-0

[Event "24. European Club Cup 2008"]
[Site "Kallithea GRE"]
[Date "2008.10.20"]
[Round "4.8"]
[White "Cvek, Robert"]
[Black "Dizdar, Goran"]
[Result "1/2-1/2"]
[WhiteElo "2532"]
[BlackElo "2551"]
[PlyCount "55"]
[EventDate "2008.10.17"]
[EventType "team-swiss"]
[EventRounds "7"]
[EventCountry "GRE"]
[Source "lmi"]
[SourceDate "2008.10.17"]
[WhiteTeam "Novoborsky"]
[BlackTeam "Zagreb"]

1. e4 e6 2. d4 d5 3. Nc3 Nf6 4. e5 Nfd7 5. f4 c5 6. Nf3 Nc6 7. Be3 a6 8. Qd2
cxd4 9. Nxd4 Bc5 10. O-O-O O-O 11. Kb1 Nxd4 12. Bxd4 b5 13. Qe3 Qb6 14. h4 Rb8
15. h5 Bxd4 16. Rxd4 b4 17. Na4 Qc7 18. Bd3 f6 19. h6 g6 20. Re1 a5 21. b3 f5
22. g4 fxg4 23. Rg1 Nc5 24. Nxc5 Qxc5 25. Rxg4 Rb7 26. Be2 Rc7 27. Qd2 Bd7 28.
Rg2 1/2-1/2